| 000 | 00649cab a22001935a 4500 | ||
|---|---|---|---|
| 001 | L158812 | ||
| 008 | 150729e20150718xxk 000 0 eng d | ||
| 035 | _a(Sirsi) u158812 | ||
| 041 | 0 | _aeng | |
| 100 | 1 | _aJudge, Anthony | |
| 245 | 0 | 4 | _aThe Fundamentals of Funding |
| 260 | _c2015 | ||
| 490 |
_aEstates Gazette _v(1528) 18 July 2015, 74-75(2) |
||
| 520 | _aOverview of the main ways to fund real estate development; equity, debt, forward funding and forward sales. Also includes the legal and drafting issues that arise in relation to each. | ||
| 590 | _aKA | ||
| 651 | 4 | _aUnited Kingdom | |
| 690 |
_aProperty management _96262 |
||
| 942 | _n0 | ||
| 999 |
_c84709 _d84709 |
||